A guide to the wayside trees of Singapore

Bibliographic Details
Main Author: WEE
Format: Book
Published: Singapore : Singapore Science Centre , 1998
Subjects:

MARC

LEADER 00000cam a2200000 7i4500
001 0000000229
005 20000721.0
020 0 0 |a 9810009046 
090 0 0 |a 582.16   |b WEE 1998 
100 1 0 |a WEE   |h Yeow Chin 
245 1 2 |a A guide to the wayside trees of Singapore   |c by Wee Yeow Chin 
260 0 0 |a Singapore :   |b Singapore Science Centre ,   |c 1998 
300 |a 160 p. :   |b col. ill. ;   |c 16 cm. 
500 0 0 |a Includes index 
650 0 0 |a Trees 
999 |a 0000001094   |b Monograph   |c Open Shelf   |e Default branch